banner-ar

مسائل نافع بن الازرق / (Record no. 44304)

MARC details
000 -الفاتح
حقل البيانات ثابتة الطول 00730nam a2200193Ia 4500
005 - وقت وتاريخ اخر تعامل مع التسجيلة
رقم الضبط 20240530104043.0
008 - عناصر البيانات ثابتة الطول - معلومات عامة
حقل البيانات ثابتة الطول 140319s9999 xx 000 0 ara d
040 ## - مصدر الفهرسة
وكالة الفهرسة الأصلية GCL /
وكالة النسخ GCL
082 04 - رقم تصنيف ديوى العشرى
رقم التصنيف 224.3/
رقم المادة أ م
100 1# - المدخل الرئيسى - إسم شخصى
الإسم الشخصى ابن الازرق، ابو راشد نافع بن الازرق بن قيس بن باز بن اسد البكرى الوائلى الحرورى
245 10 - بيان العنوان
العنوان مسائل نافع بن الازرق /
بيان المسئوليه,etc ابو راشد نافع بن الازرق بن قيس بن باز بن اسد البكرى الوائلى الحرورى
300 ## - الوصف المادى
التعداد 253 ص
650 04 - المدخل الاضافى بالموضوع-مصطلح موضوعى
مصطلح موضوعي الفاظ
650 04 - المدخل الاضافى بالموضوع-مصطلح موضوعى
مصطلح موضوعي تفسير
650 04 - المدخل الاضافى بالموضوع-مصطلح موضوعى
مصطلح موضوعي القران
700 1# - المدخل الاضافى - اسم شخصى
الإسم الشخصى عبدالله بن العباس
942 ## - عناصر المدخل الإضافي( كوها)
مصدر التصنيف او مخطط الترفيف Dewey Decimal Classification
Koha [default] item type كتاب
Holdings
حالة التراجع حالة الفقد حالة تلف ليس للاعارة المكان المؤقت الموقع الحالى تاريخ الاكتساب اجمالي اﻻعارات رقم الطلب الباركود تاريخ اخر مشاهدة تاريخ تفعيل السعر نوع وعاء كوها
        مكتبة القاهرة الكبرى مكتبة القاهرة الكبرى 03/26/2014   224.3\أ م 107994 03/26/2014 03/26/2014 كتاب
        مكتبة القاهرة الكبرى مكتبة القاهرة الكبرى 03/26/2014   224.3\أ م 107995 03/26/2014 03/26/2014 كتاب
        مكتبة القاهرة الكبرى مكتبة القاهرة الكبرى 03/26/2014   224.3\أ م 107996 03/26/2014 03/26/2014 كتاب
        مكتبة القاهرة الكبرى مكتبة القاهرة الكبرى 03/26/2014   224.3\أ م 107997 03/26/2014 03/26/2014 كتاب
        مكتبة القاهرة الكبرى مكتبة القاهرة الكبرى 03/26/2014   224.3\أ م 107998 03/26/2014 03/26/2014 كتاب
        مكتبة القاهرة الكبرى مكتبة القاهرة الكبرى 03/26/2014   224.3\أ م 107999 03/26/2014 03/26/2014 كتاب

Powered By

EGPV